00748nam a2200157 a 450000100100000000500170001000800410002704000250006824501650009326000700025830000200032804900090034895201050035795201110046299900170057300002592920200930024147.0110224s1991 dr a 000 0 spa d aDO-SdBNPbspacBNPHU00aCrecimiento inicial de catorce especies maderables locales e introducidas en Zambrana-Chacuey, Cotuí, provincia Sánchez Ramírez, República Dominicana /. aSanto Domingo :bEditorial Enda - Caribe,c1991.fImpreso CENAPEC a54 p. ;c22 cm. aBNPD 0010718PDaPDbPDcCTd2011-02-24iLF1l0o p25929-10r2020-06-25w2020-06-25yLFPDZNo se presta 0010718PDaPDbPDcCTd2011-04-06iLF1l0o p25929-20r2020-06-25te. 2w2020-06-25yLFPDZNo se presta c25421d25421